| 000 | 00981cam a2200229 4500 | ||
|---|---|---|---|
| 001 | ABS67120 | ||
| 008 | 031027n2003 000 0 eng u | ||
| 035 | _a(Sirsi) u124053 | ||
| 100 | _aFleming, C. | ||
| 245 | _aSources of international cost data and location cost modelling | ||
| 260 | _c2003 | ||
| 490 |
_aCost Engineer _v41(5) September 2003, 15-20(6) |
||
| 520 | _aThis conference paper sets out to provide an updated global list of sources of construction cost data, to aid cost engineers in pricing international projects. Tables are included on sources of cost estimating data and conceptual estimating location cost factors from the UK. Analyses location cost modelling, feasibility studies and budget estimating. | ||
| 590 | _aABS | ||
| 650 | _aBUILT ENVIRONMENT-BUILDING COSTS | ||
| 650 | _aINTERNATIONAL | ||
| 650 | _aESTIMATING | ||
| 650 | _aCOST MODELLING | ||
| 650 | _aFEASIBILITY STUDIES | ||
| 690 | _aBUILT ENVIRONMENT-BUILDING COSTS | ||
| 942 | _n0 | ||
| 999 |
_c73650 _d73650 |
||